000 00344nam a22001217a 4500
008 230620b xxu||||| |||| 00| 0 eng d
082 _a320.9
_bDOD
100 _cA.H Dodd
245 _aThe Growth of Responsible Government
_bFor james the first to victoria
260 _aLondon
_bRouteledge & Keagan Paul
_c1956
300 _a215p
942 _2ddc
_cBK
999 _c1556
_d1556